000 00739nmm a2200301 a 4500
003 AR-BaBNM
005 20251128210914.0
008 291020s1994 ||||||||||||||000 | spa||
020 _a950-9023-47-7
040 _cAR-BaBNM
245 1 0 _aDiccionario de sinónimos y antónimos
250 _a4ª ed.
260 _aBuenos Aires
_bRuy Díaz
_c1994
300 0 _a356 p.
650 4 _aDICCIONARIOS
650 4 _aESPANOL
650 4 _aSINONIMOS
650 4 _aANTONIMOS
650 4 _aPARONIMOS
650 4 _aSEMANTICA
650 4 _aRELACIONES DE EQUIVALENCIA
650 4 _aUSO LINGUISTICO
650 4 _aVOCABULARIO
655 _aREFERENCIA
700 1 _aCastro de Amato, Laura
_edirector
942 _cBK
998 _cMARTIN
999 _c17392
_d17392